Rodeo Events - Statistics

General Stats
  • This quiz has been taken 190 times
  • The average score is 5 of 6
Answer Stats
Answers % Correct
Bull Riding
100%
Saddle Bronc Riding
93%
Team Roping
82%
Tie-Down Roping
82%
Steer Wrestling
80%
Bareback Riding
79%
No matching quizzes found
Score Distribution
Percent of People with Each Score
Percentile by Number Answered
Your Score History
You have not taken this quiz